[Event "DEM U18 2025"]
[Site "Willingen GER"]
[Date "2025.06.12"]
[Round "7"]
[White "Beyer, Lorenz"]
[Black "Guo, Philipp Ziming"]
[Result "1/2-1/2"]
[Termination "normal"]
[Board "4"]
[WhiteElo "2226"]
[BlackElo "2219"]
[WhiteClock "00:12:48"]
[BlackClock "00:17:38"]
[PlyCount "169"]
[WhiteFideId "16245393"]
[BlackFideId "16245199"]
[EventCountry "GER"]
[EventRounds "9"]
[EventType "swiss"]
[EventDate "2025.06.07"]

1. e4 {[%clk 01:30:56]} {[%emt 00:00:03]} c5 {[%clk 01:30:51]} {[%emt
00:00:09]} 2. d4 {[%clk 01:31:14]} {[%emt 00:00:13]} cxd4 {[%clk 01:31:10]}
{[%emt 00:00:10]} 3. Qxd4 {[%clk 01:31:39]} {[%emt 00:00:06]} Nc6 {[%clk
01:31:30]} {[%emt 00:00:09]} 4. Qd3 {[%clk 01:32:04]} {[%emt 00:00:07]} g6
{[%clk 01:30:24]} {[%emt 00:01:35]} 5. Nc3 {[%clk 01:30:46]} {[%emt 00:01:48]}
Bg7 {[%clk 01:27:49]} {[%emt 00:03:04]} 6. Nf3 {[%clk 01:29:06]} {[%emt
00:02:12]} d6 {[%clk 01:27:37]} {[%emt 00:00:41]} 7. Be2 {[%clk 01:29:30]}
{[%emt 00:00:05]} Nf6 {[%clk 01:26:57]} {[%emt 00:01:11]} 8. O-O {[%clk
01:29:52]} {[%emt 00:00:08]} O-O {[%clk 01:26:08]} {[%emt 00:01:17]} 9. Nd5
{[%clk 01:30:18]} {[%emt 00:00:06]} Bg4 {[%clk 01:12:08]} {[%emt 00:14:29]} 10.
c3 {[%clk 01:27:05]} {[%emt 00:03:44]} Rc8 {[%clk 01:02:41]} {[%emt 00:09:57]}
11. Bg5 {[%clk 01:24:24]} {[%emt 00:03:11]} Nd7 {[%clk 00:55:09]} {[%emt
00:08:02]} 12. Rad1 {[%clk 01:18:10]} {[%emt 00:06:44]} Re8 {[%clk 00:54:06]}
{[%emt 00:01:33]} 13. h3 {[%clk 01:16:06]} {[%emt 00:02:35]} Be6 {[%clk
00:47:56]} {[%emt 00:06:40]} 14. Qb1 {[%clk 01:09:27]} {[%emt 00:07:09]} a6
{[%clk 00:38:36]} {[%emt 00:09:50]} 15. Rfe1 {[%clk 01:03:28]} {[%emt
00:06:29]} Bxd5 {[%clk 00:30:45]} {[%emt 00:08:22]} 16. exd5 {[%clk 01:00:59]}
{[%emt 00:02:58]} Nce5 {[%clk 00:31:09]} {[%emt 00:00:05]} 17. Nxe5 {[%clk
00:53:29]} {[%emt 00:08:02]} Nxe5 {[%clk 00:30:13]} {[%emt 00:01:24]} 18. Be3
{[%clk 00:51:02]} {[%emt 00:02:58]} Nc4 {[%clk 00:21:56]} {[%emt 00:08:48]} 19.
Bd4 {[%clk 00:49:59]} {[%emt 00:01:33]} b5 {[%clk 00:21:19]} {[%emt 00:01:06]}
20. Bxg7 {[%clk 00:49:50]} {[%emt 00:00:40]} Kxg7 {[%clk 00:21:48]} {[%emt
00:00:01]} 21. Rd4 {[%clk 00:49:14]} {[%emt 00:01:06]} Qb6 {[%clk 00:18:42]}
{[%emt 00:03:35]} 22. Bf1 {[%clk 00:45:28]} {[%emt 00:04:17]} e5 {[%clk
00:16:19]} {[%emt 00:02:53]} 23. dxe6 {[%clk 00:43:57]} {[%emt 00:02:01]} fxe6
{[%clk 00:16:41]} {[%emt 00:00:07]} 24. Qc1 {[%clk 00:42:23]} {[%emt 00:02:05]}
e5 {[%clk 00:13:19]} {[%emt 00:03:53]} 25. Rh4 {[%clk 00:35:31]} {[%emt
00:07:21]} Qa7 {[%clk 00:11:02]} {[%emt 00:02:47]} 26. Bd3 {[%clk 00:28:53]}
{[%emt 00:07:08]} Kg8 {[%clk 00:09:48]} {[%emt 00:01:43]} 27. Be4 {[%clk
00:24:08]} {[%emt 00:05:16]} Nb6 {[%clk 00:08:41]} {[%emt 00:01:36]} 28. Qd2
{[%clk 00:22:13]} {[%emt 00:02:27]} Rcd8 {[%clk 00:06:13]} {[%emt 00:02:57]}
29. Bd5+ {[%clk 00:17:50]} {[%emt 00:04:53]} Nxd5 30. Qxd5+ {[%clk 00:18:19]}
Kg7 {[%clk 00:06:43]} {[%emt 00:00:24]} 31. a4 {[%clk 00:17:22]} {[%emt
00:01:28]} Rf8 {[%clk 00:03:51]} {[%emt 00:03:21]} 32. Qd2 {[%clk 00:16:17]}
{[%emt 00:01:35]} bxa4 {[%clk 00:02:58]} {[%emt 00:01:23]} 33. Rxa4 {[%clk
00:16:34]} {[%emt 00:00:14]} Rb8 {[%clk 00:02:11]} {[%emt 00:01:16]} 34. Re3
{[%clk 00:15:08]} {[%emt 00:01:56]} Rb6 {[%clk 00:01:55]} {[%emt 00:00:47]} 35.
Ra5 {[%clk 00:14:40]} {[%emt 00:00:58]} Rfb8 {[%clk 00:01:14]} {[%emt
00:01:09]} 36. b4 {[%clk 00:15:03]} {[%emt 00:00:08]} Qc7 {[%clk 00:01:05]}
{[%emt 00:00:40]} 37. Rd5 {[%clk 00:14:35]} {[%emt 00:00:57]} R8b7 {[%clk
00:01:04]} {[%emt 00:00:30]} 38. Red3 {[%clk 00:14:37]} {[%emt 00:00:29]} Rc6
{[%clk 00:00:37]} {[%emt 00:00:58]} 39. Rxd6 {[%clk 00:14:54]} {[%emt
00:00:13]} Rxd6 40. Rxd6 {[%clk 00:15:23]} a5 {[%clk 00:00:55]} {[%emt
00:00:34]} 41. Qd5 {[%clk 00:09:32]} {[%emt 00:06:20]} axb4 {[%clk 00:00:58]}
{[%emt 00:00:28]} 42. Qxe5+ {[%clk 00:09:43]} {[%emt 00:00:18]} Kg8 {[%clk
00:01:12]} {[%emt 00:00:14]} 43. cxb4 {[%clk 00:08:59]} {[%emt 00:01:16]} Qe7
{[%clk 00:28:56]} {[%emt 00:02:45]} 44. Qxe7 {[%clk 00:38:42]} {[%emt
00:00:48]} Rxe7 {[%clk 00:29:24]} {[%emt 00:00:02]} 45. Rd1 {[%clk 00:38:08]}
{[%emt 00:01:04]} Rb7 {[%clk 00:28:41]} {[%emt 00:01:14]} 46. Rb1 {[%clk
00:38:37]} {[%emt 00:00:01]} Rb5 {[%clk 00:28:53]} {[%emt 00:00:17]} 47. Kf1
{[%clk 00:39:05]} {[%emt 00:00:02]} Kf7 {[%clk 00:29:09]} {[%emt 00:00:14]} 48.
Ke2 {[%clk 00:39:34]} {[%emt 00:00:01]} Ke6 {[%clk 00:29:32]} {[%emt 00:00:08]}
49. Kd3 {[%clk 00:39:54]} {[%emt 00:00:10]} Kd6 {[%clk 00:29:22]} {[%emt
00:00:40]} 50. Kc4 {[%clk 00:39:58]} {[%emt 00:00:26]} Kc6 {[%clk 00:29:43]}
{[%emt 00:00:09]} 51. Re1 {[%clk 00:38:50]} {[%emt 00:01:38]} Rf5 {[%clk
00:27:18]} {[%emt 00:02:54]} 52. Re6+ {[%clk 00:38:48]} {[%emt 00:00:33]} Kd7
{[%clk 00:26:53]} {[%emt 00:00:54]} 53. Re2 {[%clk 00:39:16]} {[%emt 00:00:02]}
Kc6 {[%clk 00:26:32]} {[%emt 00:00:51]} 54. b5+ {[%clk 00:39:07]} {[%emt
00:00:39]} Kb6 {[%clk 00:26:40]} {[%emt 00:00:22]} 55. Re6+ {[%clk 00:39:22]}
{[%emt 00:00:16]} Kb7 {[%clk 00:27:04]} {[%emt 00:00:04]} 56. f3 {[%clk
00:39:32]} {[%emt 00:00:21]} Rh5 {[%clk 00:24:47]} {[%emt 00:02:47]} 57. Kb4
{[%clk 00:38:53]} {[%emt 00:01:09]} Rf5 {[%clk 00:23:59]} {[%emt 00:01:18]} 58.
Ka5 {[%clk 00:39:00]} {[%emt 00:00:24]} Rf7 {[%clk 00:24:23]} {[%emt 00:00:04]}
59. Kb4 {[%clk 00:36:03]} {[%emt 00:03:28]} Rc7 {[%clk 00:24:03]} {[%emt
00:00:49]} 60. g4 {[%clk 00:31:05]} {[%emt 00:05:28]} Rf7 {[%clk 00:22:30]}
{[%emt 00:02:04]} 61. Kc5 {[%clk 00:30:16]} {[%emt 00:01:20]} h5 {[%clk
00:20:59]} {[%emt 00:02:01]} 62. Rxg6 {[%clk 00:29:58]} {[%emt 00:00:48]} Rxf3
{[%clk 00:21:24]} {[%emt 00:00:05]} 63. Rg7+ {[%clk 00:30:23]} {[%emt
00:00:04]} Kb8 {[%clk 00:21:08]} {[%emt 00:00:46]} 64. g5 {[%clk 00:28:26]}
{[%emt 00:02:27]} Rxh3 {[%clk 00:21:27]} {[%emt 00:00:12]} 65. Kb6 {[%clk
00:28:55]} Kc8 {[%clk 00:21:45]} {[%emt 00:00:12]} 66. Rg8+ {[%clk 00:29:23]}
{[%emt 00:00:02]} Kd7 {[%clk 00:22:10]} {[%emt 00:00:05]} 67. Kb7 {[%clk
00:29:18]} {[%emt 00:00:35]} Ke7 {[%clk 00:21:36]} {[%emt 00:01:04]} 68. Rh8
{[%clk 00:28:43]} {[%emt 00:01:05]} Kf7 {[%clk 00:21:54]} {[%emt 00:00:13]} 69.
Rh6 {[%clk 00:28:57]} {[%emt 00:00:15]} Rh1 {[%clk 00:20:15]} {[%emt 00:02:09]}
70. b6 {[%clk 00:28:54]} {[%emt 00:00:34]} h4 {[%clk 00:20:36]} {[%emt
00:00:08]} 71. Rc6 {[%clk 00:26:33]} {[%emt 00:02:51]} h3 {[%clk 00:20:32]}
{[%emt 00:00:34]} 72. Kc7 {[%clk 00:26:29]} {[%emt 00:00:36]} Re1 {[%clk
00:16:57]} {[%emt 00:04:04]} 73. Rh6 {[%clk 00:20:46]} {[%emt 00:06:13]} Rc1+
{[%clk 00:16:00]} {[%emt 00:01:26]} 74. Kb8 {[%clk 00:19:25]} {[%emt 00:01:52]}
Rb1 {[%clk 00:15:35]} {[%emt 00:00:53]} 75. b7 {[%clk 00:18:54]} {[%emt
00:01:02]} Rb3 {[%clk 00:15:54]} {[%emt 00:00:11]} 76. Rc6 {[%clk 00:18:08]}
{[%emt 00:01:15]} h2 {[%clk 00:15:22]} {[%emt 00:01:03]} 77. Rc1 {[%clk
00:17:21]} {[%emt 00:01:17]} Kg6 {[%clk 00:15:46]} {[%emt 00:00:06]} 78. Kc7
{[%clk 00:16:43]} {[%emt 00:01:08]} Kxg5 {[%clk 00:15:51]} {[%emt 00:00:26]}
79. Rh1 {[%clk 00:15:25]} {[%emt 00:01:48]} Rc3+ {[%clk 00:16:14]} {[%emt
00:00:06]} 80. Kb8 {[%clk 00:14:03]} {[%emt 00:01:52]} Rc2 {[%clk 00:16:13]}
{[%emt 00:00:30]} 81. Rb1 {[%clk 00:13:23]} {[%emt 00:01:11]} Kg4 {[%clk
00:16:30]} {[%emt 00:00:13]} 82. Ka8 {[%clk 00:12:09]} {[%emt 00:01:44]} Ra2+
{[%clk 00:16:55]} {[%emt 00:00:04]} 83. Kb8 {[%clk 00:12:35]} {[%emt 00:00:05]}
Rc2 {[%clk 00:17:17]} {[%emt 00:00:09]} 84. Ka7 {[%clk 00:12:29]} {[%emt
00:00:36]} Rc7 {[%clk 00:17:38]} {[%emt 00:00:09]} 85. Rh1 {[%clk 00:12:48]}
{[%emt 00:00:11]} 1/2-1/2

[Event "DEM U18 2025"]
[Site "Willingen GER"]
[Date "2025.06.12"]
[Round "7"]
[White "Lübke, Florentin"]
[Black "Vollbehr, Bjarne"]
[Result "1-0"]
[Termination "normal"]
[Board "5"]
[BlackTitle "CM"]
[WhiteElo "2180"]
[BlackElo "2163"]
[WhiteClock "00:02:06"]
[BlackClock "00:10:21"]
[PlyCount "73"]
[WhiteFideId "16281799"]
[BlackFideId "34606025"]
[EventCountry "GER"]
[EventRounds "9"]
[EventType "swiss"]
[EventDate "2025.06.07"]

1. e4 {[%clk 01:30:40]} {[%emt 00:00:20]} e5 {[%clk 01:30:52]} {[%emt
00:00:08]} 2. Nc3 {[%clk 01:30:47]} {[%emt 00:00:22]} Nf6 {[%clk 01:31:14]}
{[%emt 00:00:09]} 3. d4 {[%clk 01:30:58]} {[%emt 00:00:18]} exd4 {[%clk
01:28:44]} {[%emt 00:03:01]} 4. Qxd4 {[%clk 01:31:19]} {[%emt 00:00:09]} Nc6
{[%clk 01:28:41]} {[%emt 00:00:33]} 5. Qd3 {[%clk 01:31:40]} {[%emt 00:00:08]}
Bc5 {[%clk 01:24:41]} {[%emt 00:04:30]} 6. Bf4 {[%clk 01:31:41]} {[%emt
00:00:29]} O-O {[%clk 01:22:30]} {[%emt 00:02:41]} 7. O-O-O {[%clk 01:28:58]}
{[%emt 00:03:14]} d6 {[%clk 01:15:52]} {[%emt 00:07:08]} 8. f3 {[%clk
01:25:19]} {[%emt 00:04:09]} Be6 {[%clk 01:15:02]} {[%emt 00:01:20]} 9. Qd2
{[%clk 01:23:41]} {[%emt 00:02:09]} Ne7 {[%clk 01:02:34]} {[%emt 00:12:57]} 10.
Bg5 {[%clk 01:02:19]} {[%emt 00:21:52]} Ng6 {[%clk 01:01:21]} {[%emt 00:01:42]}
11. f4 {[%clk 00:57:14]} {[%emt 00:05:35]} Bd7 {[%clk 00:47:05]} {[%emt
00:14:46]} 12. e5 {[%clk 00:44:35]} {[%emt 00:13:08]} dxe5 {[%clk 00:36:45]}
{[%emt 00:10:50]} 13. Bxf6 {[%clk 00:39:32]} {[%emt 00:05:33]} Qxf6 {[%clk
00:37:08]} {[%emt 00:00:06]} 14. Ne4 {[%clk 00:36:04]} {[%emt 00:03:59]} Qb6
{[%clk 00:30:17]} {[%emt 00:07:21]} 15. Nxc5 {[%clk 00:35:47]} {[%emt
00:00:48]} Qxc5 {[%clk 00:28:27]} {[%emt 00:02:19]} 16. Qxd7 {[%clk 00:35:36]}
{[%emt 00:00:41]} Rad8 {[%clk 00:28:38]} {[%emt 00:00:19]} 17. Qxd8 {[%clk
00:33:07]} {[%emt 00:02:58]} Rxd8 {[%clk 00:29:03]} {[%emt 00:00:07]} 18. Rxd8+
{[%clk 00:33:17]} {[%emt 00:00:20]} Nf8 {[%clk 00:29:29]} {[%emt 00:00:03]} 19.
fxe5 {[%clk 00:25:52]} {[%emt 00:07:55]} Qe3+ {[%clk 00:29:03]} {[%emt
00:00:56]} 20. Rd2 {[%clk 00:24:53]} {[%emt 00:01:28]} Ng6 {[%clk 00:23:49]}
{[%emt 00:05:45]} 21. Nf3 {[%clk 00:22:28]} {[%emt 00:02:55]} Nf4 {[%clk
00:23:21]} {[%emt 00:00:58]} 22. g3 {[%clk 00:13:25]} {[%emt 00:09:33]} g6
{[%clk 00:18:54]} {[%emt 00:04:57]} 23. Bc4 {[%clk 00:08:04]} {[%emt 00:05:52]}
Ne6 {[%clk 00:15:58]} {[%emt 00:03:25]} 24. Rf1 {[%clk 00:07:29]} {[%emt
00:01:04]} Nc5 {[%clk 00:15:58]} {[%emt 00:00:31]} 25. Kb1 {[%clk 00:07:15]}
{[%emt 00:00:44]} b5 {[%clk 00:13:40]} {[%emt 00:02:48]} 26. Re2 {[%clk
00:06:42]} {[%emt 00:01:02]} Qh6 {[%clk 00:13:49]} {[%emt 00:00:23]} 27. Bxb5
{[%clk 00:06:33]} {[%emt 00:00:38]} g5 {[%clk 00:13:49]} {[%emt 00:00:30]} 28.
h4 {[%clk 00:06:07]} {[%emt 00:00:55]} Qb6 {[%clk 00:13:57]} {[%emt 00:00:23]}
29. Bc4 {[%clk 00:06:06]} {[%emt 00:00:32]} Qb4 {[%clk 00:13:04]} {[%emt
00:01:22]} 30. Bb3 {[%clk 00:05:38]} {[%emt 00:00:58]} Ne4 {[%clk 00:13:04]}
{[%emt 00:00:31]} 31. a3 {[%clk 00:03:00]} {[%emt 00:03:07]} Qb5 {[%clk
00:13:12]} {[%emt 00:00:23]} 32. Nd4 {[%clk 00:02:45]} {[%emt 00:00:44]} Qxe5
{[%clk 00:12:05]} {[%emt 00:01:37]} 33. Rxf7 {[%clk 00:02:29]} {[%emt
00:00:47]} Kh8 {[%clk 00:12:12]} {[%emt 00:00:23]} 34. Ne6 {[%clk 00:02:19]}
{[%emt 00:00:40]} h6 {[%clk 00:11:50]} {[%emt 00:00:52]} 35. hxg5 {[%clk
00:02:04]} {[%emt 00:00:45]} Nc3+ {[%clk 00:09:55]} {[%emt 00:02:25]} 36. bxc3
{[%clk 00:02:26]} {[%emt 00:00:08]} Qxe2 {[%clk 00:10:21]} {[%emt 00:00:03]}
37. g6 {[%clk 00:02:06]} {[%emt 00:00:50]} 1-0

[Event "DEM U18 2025"]
[Site "Willingen GER"]
[Date "2025.06.12"]
[Round "7"]
[White "Stichter, Constantin Paul"]
[Black "Reichmann, Felix"]
[Result "1/2-1/2"]
[Termination "normal"]
[Board "6"]
[WhiteTitle "CM"]
[BlackTitle "CM"]
[WhiteElo "2216"]
[BlackElo "2138"]
[WhiteClock "00:04:34"]
[BlackClock "00:11:13"]
[PlyCount "90"]
[WhiteFideId "34603140"]
[BlackFideId "16238290"]
[EventCountry "GER"]
[EventRounds "9"]
[EventType "swiss"]
[EventDate "2025.06.07"]

1. e4 {[%clk 01:30:56]} {[%emt 00:00:04]} c5 {[%clk 01:30:49]} {[%emt
00:00:10]} 2. Nf3 {[%clk 01:31:18]} {[%emt 00:00:08]} Nc6 {[%clk 01:31:01]}
{[%emt 00:00:19]} 3. Bb5 {[%clk 01:31:33]} {[%emt 00:00:15]} g6 {[%clk
01:30:54]} {[%emt 00:00:37]} 4. Bxc6 {[%clk 01:31:35]} {[%emt 00:00:28]} dxc6
{[%clk 01:31:18]} {[%emt 00:00:06]} 5. d3 {[%clk 01:31:58]} {[%emt 00:00:06]}
Bg7 {[%clk 01:22:07]} {[%emt 00:09:42]} 6. h3 {[%clk 01:30:14]} {[%emt
00:02:14]} a5 {[%clk 01:16:33]} {[%emt 00:06:04]} 7. a4 {[%clk 01:25:59]}
{[%emt 00:04:45]} b6 {[%clk 01:10:15]} {[%emt 00:06:48]} 8. O-O {[%clk
01:21:46]} {[%emt 00:04:42]} Nf6 {[%clk 01:09:33]} {[%emt 00:01:13]} 9. Nbd2
{[%clk 01:17:58]} {[%emt 00:04:18]} Qc7 {[%clk 01:00:57]} {[%emt 00:09:05]} 10.
Nc4 {[%clk 01:15:29]} {[%emt 00:02:59]} Be6 {[%clk 00:58:24]} {[%emt 00:03:03]}
11. Qe2 {[%clk 01:12:17]} {[%emt 00:03:42]} Bxc4 {[%clk 00:56:53]} {[%emt
00:02:02]} 12. dxc4 {[%clk 01:11:25]} {[%emt 00:01:22]} e5 {[%clk 00:56:01]}
{[%emt 00:01:22]} 13. Rd1 {[%clk 00:53:05]} {[%emt 00:18:49]} O-O {[%clk
00:54:19]} {[%emt 00:02:13]} 14. Ra3 {[%clk 00:53:16]} {[%emt 00:00:19]} Rad8
{[%clk 00:43:30]} {[%emt 00:11:18]} 15. Rad3 {[%clk 00:53:23]} {[%emt
00:00:23]} Nh5 {[%clk 00:41:50]} {[%emt 00:02:10]} 16. Qd2 {[%clk 00:11:34]}
{[%emt 00:42:20]} Rxd3 {[%clk 00:25:46]} {[%emt 00:16:33]} 17. Qxd3 {[%clk
00:11:50]} {[%emt 00:00:14]} Nf4 {[%clk 00:25:28]} {[%emt 00:00:48]} 18. Bxf4
{[%clk 00:12:13]} {[%emt 00:00:08]} exf4 {[%clk 00:25:57]} 19. Qd6 {[%clk
00:12:42]} Qxd6 {[%clk 00:19:05]} {[%emt 00:07:22]} 20. Rxd6 {[%clk 00:13:10]}
{[%emt 00:00:01]} Bxb2 {[%clk 00:19:27]} {[%emt 00:00:09]} 21. Rxc6 {[%clk
00:09:54]} {[%emt 00:03:46]} Rb8 {[%clk 00:19:46]} {[%emt 00:00:11]} 22. e5
{[%clk 00:09:18]} {[%emt 00:01:05]} Kf8 {[%clk 00:16:36]} {[%emt 00:03:40]} 23.
Kf1 {[%clk 00:05:13]} {[%emt 00:04:35]} Ke7 {[%clk 00:14:48]} {[%emt 00:02:18]}
24. Rc7+ {[%clk 00:04:59]} {[%emt 00:00:45]} Ke8 {[%clk 00:09:31]} {[%emt
00:05:47]} 25. Rc6 {[%clk 00:04:55]} {[%emt 00:00:33]} Ke7 {[%clk 00:09:24]}
{[%emt 00:00:38]} 26. Rf6 {[%clk 00:04:02]} {[%emt 00:01:23]} Bxe5 {[%clk
00:05:55]} {[%emt 00:04:00]} 27. Nxe5 {[%clk 00:04:30]} Kxf6 {[%clk 00:06:19]}
{[%emt 00:00:07]} 28. Nd7+ {[%clk 00:04:53]} {[%emt 00:00:06]} Ke7 {[%clk
00:06:38]} {[%emt 00:00:11]} 29. Nxb8 {[%clk 00:05:19]} {[%emt 00:00:04]} Kd6
{[%clk 00:07:04]} {[%emt 00:00:05]} 30. h4 {[%clk 00:02:16]} {[%emt 00:03:32]}
h6 {[%clk 00:05:46]} {[%emt 00:01:49]} 31. Ke2 {[%clk 00:01:13]} {[%emt
00:01:33]} f5 {[%clk 00:05:46]} {[%emt 00:00:29]} 32. Kf3 {[%clk 00:01:07]}
{[%emt 00:00:37]} g5 {[%clk 00:06:13]} {[%emt 00:00:02]} 33. hxg5 {[%clk
00:01:22]} {[%emt 00:00:15]} hxg5 {[%clk 00:06:39]} {[%emt 00:00:05]} 34. g3
{[%clk 00:01:31]} {[%emt 00:00:20]} fxg3 {[%clk 00:07:04]} {[%emt 00:00:05]}
35. Kxg3 {[%clk 00:00:53]} {[%emt 00:01:09]} Kc7 {[%clk 00:07:22]} {[%emt
00:00:13]} 36. Na6+ {[%clk 00:01:13]} {[%emt 00:00:09]} Kb7 {[%clk 00:07:46]}
{[%emt 00:00:06]} 37. Nxc5+ {[%clk 00:01:41]} {[%emt 00:00:01]} bxc5 {[%clk
00:08:06]} {[%emt 00:00:11]} 38. f4 {[%clk 00:02:01]} {[%emt 00:00:09]} g4
{[%clk 00:08:14]} {[%emt 00:00:23]} 39. Kh2 {[%clk 00:02:19]} {[%emt 00:00:11]}
Kc6 {[%clk 00:08:41]} {[%emt 00:00:04]} 40. Kg2 {[%clk 00:02:43]} {[%emt
00:00:05]} Kd6 {[%clk 00:09:08]} {[%emt 00:00:03]} 41. Kh2 {[%clk 00:02:57]}
{[%emt 00:00:16]} Ke6 {[%clk 00:09:31]} {[%emt 00:00:07]} 42. Kg2 {[%clk
00:03:23]} {[%emt 00:00:05]} Kf6 {[%clk 00:09:59]} {[%emt 00:00:02]} 43. Kh2
{[%clk 00:03:49]} {[%emt 00:00:04]} Kg6 {[%clk 00:10:25]} {[%emt 00:00:04]} 44.
Kg2 {[%clk 00:04:09]} {[%emt 00:00:10]} Kh6 {[%clk 00:10:48]} {[%emt 00:00:06]}
45. Kh2 {[%clk 00:04:34]} {[%emt 00:00:06]} Kh5 {[%clk 00:11:13]} {[%emt
00:00:04]} 1/2-1/2

[Event "DEM U18 2025"]
[Site "Willingen GER"]
[Date "2025.06.12"]
[Round "7"]
[White "Möller, Maurin"]
[Black "Schwarz, David"]
[Result "1-0"]
[Termination "normal"]
[Board "7"]
[WhiteTitle "FM"]
[WhiteElo "2336"]
[BlackElo "2137"]
[WhiteClock "00:20:05"]
[BlackClock "00:25:16"]
[PlyCount "89"]
[WhiteFideId "16265696"]
[BlackFideId "16287614"]
[EventCountry "GER"]
[EventRounds "9"]
[EventType "swiss"]
[EventDate "2025.06.07"]

1. d4 {[%clk 01:30:53]} {[%emt 00:00:06]} e6 {[%clk 01:30:57]} {[%emt
00:00:04]} 2. e4 {[%clk 01:31:18]} {[%emt 00:00:04]} d5 {[%clk 01:31:14]}
{[%emt 00:00:13]} 3. Nd2 {[%clk 01:31:42]} {[%emt 00:00:06]} c5 {[%clk
01:31:35]} {[%emt 00:00:10]} 4. exd5 {[%clk 01:32:07]} {[%emt 00:00:06]} Qxd5
{[%clk 01:32:00]} {[%emt 00:00:04]} 5. Ngf3 {[%clk 01:32:32]} {[%emt 00:00:05]}
cxd4 {[%clk 01:32:16]} {[%emt 00:00:14]} 6. Bc4 {[%clk 01:32:56]} {[%emt
00:00:05]} Qd7 {[%clk 01:32:42]} {[%emt 00:00:05]} 7. O-O {[%clk 01:33:15]}
{[%emt 00:00:10]} a6 {[%clk 01:32:49]} {[%emt 00:00:24]} 8. Nb3 {[%clk
01:29:10]} {[%emt 00:04:35]} Nc6 {[%clk 01:32:55]} {[%emt 00:00:23]} 9. Nbxd4
{[%clk 01:29:30]} {[%emt 00:00:10]} Nxd4 {[%clk 01:33:19]} {[%emt 00:00:07]}
10. Nxd4 {[%clk 01:29:55]} {[%emt 00:00:05]} Qc7 {[%clk 01:33:45]} {[%emt
00:00:04]} 11. Bb3 {[%clk 01:26:16]} {[%emt 00:04:09]} Nf6 {[%clk 01:33:18]}
{[%emt 00:00:56]} 12. Re1 {[%clk 01:26:19]} {[%emt 00:00:27]} Bd6 {[%clk
01:32:03]} {[%emt 00:01:46]} 13. h3 {[%clk 01:05:38]} {[%emt 00:21:12]} O-O
{[%clk 01:28:04]} {[%emt 00:04:29]} 14. Bg5 {[%clk 01:06:03]} {[%emt 00:00:04]}
e5 {[%clk 01:27:39]} {[%emt 00:00:56]} 15. Bxf6 {[%clk 01:01:04]} {[%emt
00:05:28]} gxf6 {[%clk 01:27:35]} {[%emt 00:00:34]} 16. Nf3 {[%clk 01:01:30]}
{[%emt 00:00:03]} Bf5 {[%clk 01:25:16]} {[%emt 00:02:50]} 17. Nh4 {[%clk
01:00:26]} {[%emt 00:01:34]} Bg6 {[%clk 01:25:37]} {[%emt 00:00:09]} 18. Qf3
{[%clk 01:00:05]} {[%emt 00:00:51]} Qe7 {[%clk 01:11:12]} {[%emt 00:14:55]} 19.
Rad1 {[%clk 00:51:08]} {[%emt 00:09:27]} Rad8 {[%clk 01:07:45]} {[%emt
00:03:57]} 20. Nf5 {[%clk 00:49:36]} {[%emt 00:02:02]} Bxf5 {[%clk 01:03:51]}
{[%emt 00:04:24]} 21. Qxf5 {[%clk 00:49:59]} {[%emt 00:00:06]} Kh8 {[%clk
01:03:56]} {[%emt 00:00:26]} 22. Bd5 {[%clk 00:46:41]} {[%emt 00:03:48]} Rg8
{[%clk 01:03:42]} {[%emt 00:00:44]} 23. Be4 {[%clk 00:47:05]} {[%emt 00:00:06]}
Rg7 {[%clk 01:03:57]} {[%emt 00:00:15]} 24. Rd5 {[%clk 00:40:39]} {[%emt
00:06:56]} Qe6 {[%clk 00:58:50]} {[%emt 00:05:38]} 25. Red1 {[%clk 00:40:47]}
{[%emt 00:00:22]} Qe7 {[%clk 00:48:31]} {[%emt 00:10:48]} 26. c4 {[%clk
00:40:08]} {[%emt 00:01:09]} Bc7 {[%clk 00:47:07]} {[%emt 00:01:55]} 27. Rxd8+
{[%clk 00:39:31]} {[%emt 00:01:07]} Bxd8 {[%clk 00:47:30]} {[%emt 00:00:07]}
28. Rd7 {[%clk 00:39:56]} {[%emt 00:00:05]} Qf8 {[%clk 00:47:44]} {[%emt
00:00:16]} 29. Rxb7 {[%clk 00:39:17]} {[%emt 00:01:08]} Qc5 {[%clk 00:47:37]}
{[%emt 00:00:37]} 30. Rb8 {[%clk 00:36:29]} {[%emt 00:03:19]} Qd6 {[%clk
00:47:56]} {[%emt 00:00:10]} 31. Rc8 {[%clk 00:36:36]} {[%emt 00:00:23]} Rg6
{[%clk 00:45:26]} {[%emt 00:03:00]} 32. Qh5 {[%clk 00:35:58]} {[%emt 00:01:08]}
Qd2 {[%clk 00:45:39]} {[%emt 00:00:17]} 33. Qh4 {[%clk 00:31:31]} {[%emt
00:04:56]} Qd1+ {[%clk 00:41:09]} {[%emt 00:05:00]} 34. Kh2 {[%clk 00:31:55]}
{[%emt 00:00:06]} Qd4 {[%clk 00:41:36]} {[%emt 00:00:04]} 35. c5 {[%clk
00:27:43]} {[%emt 00:04:43]} Kg7 {[%clk 00:40:47]} {[%emt 00:01:18]} 36. Rxd8
{[%clk 00:27:57]} {[%emt 00:00:18]} Qxd8 {[%clk 00:41:00]} {[%emt 00:00:16]}
37. Bxg6 {[%clk 00:28:21]} {[%emt 00:00:06]} hxg6 {[%clk 00:41:11]} {[%emt
00:00:18]} 38. Qc4 {[%clk 00:28:20]} {[%emt 00:00:30]} e4 {[%clk 00:34:52]}
{[%emt 00:06:50]} 39. Qc3 {[%clk 00:28:13]} {[%emt 00:00:38]} Qc7+ {[%clk
00:34:30]} {[%emt 00:00:52]} 40. g3 {[%clk 00:28:26]} {[%emt 00:00:16]} Qc6
{[%clk 00:33:22]} {[%emt 00:01:38]} 41. b4 {[%clk 00:27:04]} {[%emt 00:01:52]}
g5 {[%clk 00:33:23]} {[%emt 00:00:29]} 42. Qd4 {[%clk 00:24:30]} {[%emt
00:03:03]} Kg6 {[%clk 00:32:33]} {[%emt 00:01:22]} 43. Qd6 {[%clk 00:20:28]}
{[%emt 00:04:31]} Qa4 {[%clk 00:28:38]} {[%emt 00:04:26]} 44. c6 {[%clk
00:19:46]} {[%emt 00:01:11]} Qc2 {[%clk 00:25:16]} {[%emt 00:03:52]} 45. Qc5
{[%clk 00:20:05]} {[%emt 00:00:11]} 1-0